Історія запорозьких козаків (Запис № 17432)

000 -Маркер запису
Контрольне поле сталої довжини 01621nam a22002417a 4500
003 - Належність контрольного номера
Контрольне поле Uzh_bibl
008 - Кодовані дані
Контрольне поле сталої довжини 260421b |||||||| |||| 00| 0 ukr d
020 ## - Індекс ISBN
ISBN 5-12-002052-6
Ціна 5.00
040 ## - Джерело каталогіз.
Код мови каталог. укр.
041 ## - Код мови видання
Код мови оригіналу українська
Код мови тексту українська
080 ## - Індекс УДК
Індекс УДК 94(477)
090 ## - Шифри
Поличний індекс 94(477)
Авторський знак Я 22
100 ## - Автор
Автор Яворницький,Дмитро
245 ## - Назва
Назва Історія запорозьких козаків
Відповідальність ред.О.А.Олійник
Фізичний носій Текст
260 ## - Вихідні дані
Місце видання Київ
Видавництво Наукова думка
Дата видання 1990
300 ## - Фізичний опис
Обсяг 515 с.
Тип одиниці В опр.
490 ## - Серія
Назва серії Серія"Пам'ятки іст.думки України"
№ тому Т.3
520 ## - Анотація
Анотація Третій том «Історії запорозьких козаків» Дмитра Яворницького — це фундаментальна праця, що охоплює період 1686–1734 років. Книга детально описує добу Руїни, Кримські та Азовські походи, діяльність гетьмана Мазепи, перехід козаків на бік шведів та завершується ліквідацією Січі після Північної війни. Це документальне дослідження життя запорожців на чужині та їхнього повернення.
521 ## - Примітка про цільове призначення
Примітка про цільове призначення Для науковців, викладачів та студентів вузів, краєзнавців, широкого кола читачів.
546 ## - Примітка про мову
Примітка про мову укр.
650 ## - Тематичні рубрики
Основна рубрика Наукове видання
Типове ділення Історична література
942 ## - ADDED ENTRY ELEMENTS (KOHA)
Джерело класифікації чи схема поличного розташування
Koha item type Книги
Фонди
Статус вилучення Статус втрати/відсутності Джерело класифікації чи схема поличного розташування Статус пошкодження Тип обігу (не для випозичання) Постійне розташування Поточне розташування Розташування у відділі Дата надходження Інвентарний номер Total Checkouts Повний (примірниковий) шифр зберігання Штрих-код Date last seen Дата, для якої чинна ціна заміни Тип одиниці (рівень примірника)
          Публічна бібліотека Публічна бібліотека Абонемент 21/04/2026 51830   94(477) 19328 21/04/2026 21/04/2026 Книги

Працює на АБІС Коха